BUBT Library Online Catalog

A Text Book on Muslim Personal Law : based on case method / (Record no. 6658)

000 -LEADER
fixed length control field 00557nam a22001817a 4500
003 - CONTROL NUMBER IDENTIFIER
control field BUBTL
008 - FIXED-LENGTH DATA ELEMENTS--GENERAL INFORMATION
fixed length control field 220209b ||||| |||| 00| 0 eng d
082 ## - DEWEY DECIMAL CLASSIFICATION NUMBER
Classification number 340.59/ C4595m/ 2016
100 ## - MAIN ENTRY--PERSONAL NAME
Personal name Chowdhury, M. Jashim Ali
245 ## - TITLE STATEMENT
Title A Text Book on Muslim Personal Law : based on case method /
Remainder of title M. Jashim Ali Chowdhury
250 ## - EDITION STATEMENT
Edition statement 2nd
260 ## - PUBLICATION, DISTRIBUTION, ETC. (IMPRINT)
Place of publication, distribution, etc. Dhaka
Name of publisher, distributor, etc. Sufi Prokashoni
Date of publication, distribution, etc. c2016
300 ## - PHYSICAL DESCRIPTION
Extent (31), 573p. :
Other physical details ill. 21cm
650 #0 - SUBJECT ADDED ENTRY--TOPICAL TERM
Topical term or geographic name as entry element Law
856 ## - ELECTRONIC LOCATION AND ACCESS
Password 0
Logon 0
Link text Download
942 ## - ADDED ENTRY ELEMENTS (KOHA)
Source of classification or shelving scheme
Koha item type Books
Holdings
Withdrawn status Lost status Source of classification or shelving scheme Damaged status Not for loan Collection code Permanent location Current location Shelving location Date acquired Source of acquisition Inventory number Total Checkouts Full call number Barcode Date last seen Copy number Price effective from Koha item type
        Not For Loan Non-fiction Bangladesh University of Business and Technology Library Bangladesh University of Business and Technology Library Law Stacks 03/19/2016 Purchase 21892   340.59/ C4595m/ 2016 BUBTL-200321892 02/09/2022 C-1 02/09/2022 Books
          Non-fiction Bangladesh University of Business and Technology Library Bangladesh University of Business and Technology Library Law Stacks 03/19/2016 Purchase 21893   340.59/ C4595m/ 2016 BUBTL-200321893 02/09/2022 C-2 02/09/2022 Books
          Non-fiction Bangladesh University of Business and Technology Library Bangladesh University of Business and Technology Library Law Stacks 03/19/2016 Purchase 21894   340.59/ C4595m/ 2016 BUBTL-200321894 12/31/2023 C-3 02/09/2022 Books
        Not For Loan Non-fiction Bangladesh University of Business and Technology Library Bangladesh University of Business and Technology Library Law Stacks 07/13/2019 Purchase 25693   340.59/ C4595m/ 2016 BUBTL-200325693 02/10/2022 C-4 02/10/2022 Books

More Information About Library

Library Hours

  • Open: 9.00 am. to 9.00 pm.
  • Only Sunday: 9.00 am. to 6.00 pm.
  • Closed: Holiday

Contact to the University

Bangladesh University of Business and Technology Library

  • Mirpurl-2, 1216.
  • Phone:
  • Fax:
  • E-Mail: admin.library@bubt.edu.bd

Contact to the Library

Contact Person:

Md. Abdul Hakim Shah
Joint Librarian
PABX No:  113
Cell No: 01816332931
E-mail: official: admin.library@bubt.edu.bd
Personal: hakim.shah@bubt.edu.bd


BUBT Library

Copyright © 2021